Crusader Kings III Religions (Ck3) - Statistics

General Stats
  • This quiz has been taken 274 times
  • The average score is 9 of 102
Answer Stats
Hint Answer % Correct
Christianity Catholicism
84%
Christianity Orthodoxy
65%
Christianity Coptic
41%
Islam Ash'arism
31%
Buddhism Mahayana
28%
Single Faith Religions Asatru
27%
Buddhism Theravada
26%
Christianity Catharism
25%
Islam Ibadism
22%
Christianity Apostolic
18%
Islam Isma'ilism
18%
Christianity Lollardy
17%
Single Faith Religions Tengriism
17%
Christianity Nestorianism
15%
Single Faith Religions Paganism
15%
Buddhism Vajrayana
15%
Christianity Waldensianism
15%
Christianity Adamitism
14%
Judaism Rabbinism
13%
Hinduism Shaivism
13%
Buddhism Ari
11%
Christianity Bogomilism
11%
Islam Druze
11%
Christianity Insular Christianity
11%
Islam Muwalladism
11%
Judaism Samaritanism
11%
Islam Maturidism
9%
Single Faith Religions Ukonusko
9%
Hinduism Vaishnavism
9%
Single Faith Religions Hellenism
8%
Judaism Kuzarism
8%
Dualism Mandeaism
8%
Single Faith Religions Slovianska
8%
Single Faith Religions Vidilism
8%
Miletê Tawûsê Melek Yazidism
8%
Single Faith Religions Bori
7%
Christianity Conversos
7%
Judaism Haymanot
7%
Christianity Iconoclasm
7%
Christianity Krstjani
7%
Dualism Manicheanism
7%
Buddhism Nangchos
7%
Hinduism Smartism
7%
Islam Imamism
6%
Zoroastrianism Mazdakism
6%
Christianity Paulicanism
6%
Islam Quranism
6%
Single Faith Religions Taltosism
6%
Jainism Digambara
5%
Islam Nizarism
5%
Single Faith Religions Zunism
5%
Single Faith Religions Kushitism
4%
Zoroastrianism Mazdayasna
4%
Christianity Messalianism
4%
Islam Najdatism
4%
Islam Sufrism
4%
Jainism Svetambara
4%
Single Faith Religions Turumism
4%
Dualism Valentinianism
4%
Jainism Yapaniya
4%
Islam Zayidism
4%
Taoism Zhengyi
4%
Islam Alevism
3%
Mandé Bidaism
3%
Judaism Karaism
3%
Hinduism Krishnaism
3%
Dualism Sethianism
3%
Single Faith Religions Waaqism
3%
Hinduism Advaita Vedanta
2%
Single Faith Religions Akon
2%
Islam Alawism
2%
Islam Almohadism
2%
Zoroastrianism Arewordik
2%
Zoroastrianism Behafaridism
2%
Dualism Cainitism
2%
Tanism Donyi-Poloism
2%
Zoroastrianism Gayomarthianism
2%
Zoroastrianism Khurmazdism
2%
Zoroastrianism Khurramism
2%
Tibetan Khyarwe Bon
2%
Mundhumism Kiratism
2%
Judaism Malabarism
2%
Hsexje Melie
2%
Islam Mu'tazilism
2%
Dualism Priscillianism
2%
Islam Qarmatianism
2%
Dualism Sabianism
2%
Mandé Siguism
2%
Islam Azraqism
1%
Tibetan Gyur Bon
1%
Islam Ikhtilafism
1%
Hinduism Kalikula Shaktism
1%
Miletê Tawûsê Melek Kitebacilweism
1%
Miletê Tawûsê Melek Meshefaresism
1%
Single Faith Religions Orisa
1%
Taoism Quanzhen
1%
Single Faith Religions Roog Sene
1%
Tanism Sedism
1%
Taoism Shangqing
1%
Hinduism Srikula Shaktism
1%
Hsexje Vvluphixje
1%
Mundhumism Yumaism
1%
No matching quizzes found
Score Distribution
Percent of People with Each Score
Percentile by Number Answered
Your Score History
You have not taken this quiz